000 00712nam a2200217 i 4500
001 23927
003 ES-MaACL
005 20250911222624.0
007 t|
008 021213s1972 sp ||||1| spa d
100 1 _aAnsón, Robert Sam.
_921850
245 1 0 _aMc Govern /
_cRobert Sam Anson ; epílogo de E. Haro Teglen ; [traducción de Angela Pérez y J. M. Alvarez].
250 _a[1ª ed.].
260 _a[Barcelona] :
_bDopesa,
_c[1972]
300 _a267 p. ;
_c22 cm.
700 1 _aHaro Tecglen, Eduardo,
_d1924-2005
_961879
700 1 _aPérez Gómez, Ángela
_990555
700 1 _aÁlvarez Flórez, José Manuel.
_920809
852 _aES-MaACL
_jC-43738
_bR.83349
999 _c23927
_d23927